000 00279nam a2200109Ia 4500
008 200302s9999 xx 000 0 und d
100 _aSimon Eisner and Stanley A. Eisher
245 _aThe Urban Pattern 6th ed
260 _bLibrary of Congress
260 _c1993
300 _a641 P.,
999 _c5866
_d5866